Statistics for Flags of the Countries That Participated in WWI

Click here to take the quiz!

General Stats

  • This quiz has been taken 40 times
  • The average score is 24 of 26

Answer Stats

Answer% Correct
Brazil
97%
China
97%
France
97%
Great Britain
97%
Greece
97%
Italy
97%
Japan
97%
Portugal
97%
Russia
97%
Belgium
94%
Cuba
94%
Germany
94%
Ottoman Empire
94%
Panama
94%
Romania
94%
United States
94%
Liberia
92%
Serbia
92%
Siam
92%
Costa Rica
83%
Honduras
83%
Montenegro
83%
Austria-Hungary
81%
Haiti
81%
Nicaragua
81%
Guatemala
78%

Score Distribution

Percentile by Number Answered

Percent of People with Each Score

Your Score History

You have not taken this quiz